1170 1799 1950 1142 1104 1843 1745 1144 1078 1590 1634 1690 1065 1276 1083 1336 1898 1395 1591 1655 1867 1651 1190 1495 1602 1837 1554 1505 1071 1706 1805 1408 1176 1549 1340 1463 1701 1820 1909 1159 1399 1746 1522 1571 1031 1748 1318 1538 1959 1262 1290 1507 1839 1883 1641 1257 1038 1992 1254 1154 1839 1121 1058 1651 1746 1316 1639 1027 1150 1224 1954 1831 1485 1553 1385 1024 1609 1381 1805 1684 1946 1587 1823 1061 1525 1764 1768 1470 1417 1992 1730 1026 1161 1005 1440 1518 1689 1970 1719 BCNSPRNW ULIB Ver.6.0+V

เปลี่ยนเป็นภาษาไทย

Change to English
 แสดงรายละเอียดบรรณานุกรม
  กลับหน้าหลัก

Brief Record : Get Marc (ISO 2709) : E-mail record : QR code < ปิดหน้าต่าง
LEADER : 00000nam 2200000uu 4500
001    13399113495
003     ULIB
008    111122s2545||||th 000 0 tha d
020    ^a9742944687
060 04 ^aW100^bก111ส 2545
245 00 ^a30 ประเด็นสู่แผนพัฒนาสุขภาพแห่งชาติ ฉบับที่ 9 /^cโครงการตำรา สำนักนโยบายและแผนสาธารณสุข สำนักงานปลัดกระทรวงสาธารณสุข
260    ^aนนทบุรี :^bโครงการตำราสำนักนโยบายและแผนสาธารณสุขกระทรวงสาธารณสุข,^c2545
300    ^a740 หน้า ;^c26 ซม.
650  2 ^aHealth Policy
650  7 ^aแผนพัฒนาสุขภาพแห่งชาติ
700 0  ^aโกมาตร จึงเสถียรทรัพย์,^d2502- ,^eบรรณาธิการ
700 0  ^aสุมาภรณ์ แซ่ลิ่ม,^eบรรณาธิการ
710 2  ^aสำนักงานปลัดกระทรวงสาธารณสุข.^bโครงการตำราสำนักนโยบายและแผนสาธารณสุข
945    ^p0^l0^i10407
995    ^aกัณชพร
999    ^aใช้งานได้ทุกระบบ
รายการนี้ยังไม่มีแท็ก
คุณยังไม่ได้ล็อกอิน คุณสามารถมีกิจกรรมร่วมกับเว็บไซต์ได้ แต่ต้องล็อกอินก่อน ::
  ล็อกอิน

รายการสื่อสารสนเทศ

ลำดับที่ ประเภท เลขเรียก/บาร์โค้ด สถานที่ สถานะ
- ไม่พบข้อมูล -

รายการใกล้เคียง
    หัวเรื่อง [Health Policy]
    หัวเรื่อง [แผนพัฒนาสุขภาพแห่งชาติ]

BibComment


ยังไม่เคยถูกคอมเมนท์

คอมเมนท์ทรัพยากรรายการนี้
  คอมเมนท์: 30 ประเด็นสู่แผน..


 Copyright 2026. Bcnsprnw @Library